000 00683nam a2200265Ia 4500
005 20260324153434.0
008 008 260324s9999 xx 000 0 eng d
020 _a9780323916110
037 _aEBOOK
040 _aCRL
040 _beng
040 _cCRL
041 _2eng
041 _aeng
084 _qCRL
100 _aNisar Ali
_91231406
245 0 _aSmart Polymer Nanocomposites: Design, Synthesis, Functionalization, Properties, and Applications
260 _bElsevier
260 _c2023
650 _aEngineering
856 _uhttps://www.sciencedirect.com/science/book/9780323916110
942 _cEBOOK
999 _c1842918
_d1842918